000 00648nam a2200229Ia 4500
001 932
003 GE_BSU
008 181216s||||||||xx |||||||||||||| ||und||
020 _a5060010570
040 _cGE_BSU
080 _a81(075.8)
100 _aКомиссаров,В.Н.
245 _aТеория перевода.
245 _bЛингвистические аспекты. Для студ. ин-тов и фак-ов иностр. языков
260 _aМосква
260 _bВысшая школа
260 _c1990
300 _a253стр.
541 _h7л.
653 _aТеория перевода.
942 _cBK
999 _c35091
_d35091